| 000 | 00337nam a22001217a 4500 | ||
|---|---|---|---|
| 003 | OSt | ||
| 008 | 250127b |||||||| |||| 00| 0 eng d | ||
| 041 | _aeng | ||
| 100 |
_aISI _97009 |
||
| 245 | _aTechnical Requirements for Safe Feeding Systems for Power Techniques. IS:9129 | ||
| 260 |
_bIndian Standard Institutions, _c1973. |
||
| 942 | _cBK | ||
| 999 |
_c19141 _d19141 |
||